Poultry production / (Record no. 15697)

MARC details
000 -LEADER
fixed length control field 00657nam a22002537a 4500
001 - CONTROL NUMBER
control field BD-DhSAU 2424
003 - CONTROL NUMBER IDENTIFIER
control field BD-DhSAU
005 - DATE AND TIME OF LATEST TRANSACTION
control field 20220222111229.0
008 - FIXED-LENGTH DATA ELEMENTS--GENERAL INFORMATION
fixed length control field 150128b1981 ii a||||r|||| 001 0 eng d
020 ## - INTERNATIONAL STANDARD BOOK NUMBER
International Standard Book Number 9788127250904
040 ## - CATALOGING SOURCE
Original cataloging agency BD-DhSAU
082 ## - DEWEY DECIMAL CLASSIFICATION NUMBER
Edition number 22
Classification number 636.5
Item number Si 643
100 ## - MAIN ENTRY--PERSONAL NAME
Personal name Singh, R.A.
245 ## - TITLE STATEMENT
Title Poultry production /
Statement of responsibility, etc. R.A. Singh.
250 ## - EDITION STATEMENT
Edition statement 3rd ed.
260 ## - PUBLICATION, DISTRIBUTION, ETC. (IMPRINT)
Place of publication, distribution, etc. New Delhi :
Name of publisher, distributor, etc. Kalyani Publishers ,
Date of publication, distribution, etc. c1990.
300 ## - PHYSICAL DESCRIPTION
Extent xi, 324 p. :
Other physical details ill. ;
Dimensions 23 cm.
504 ## - BIBLIOGRAPHY, ETC. NOTE
Bibliography, etc Includes index.
590 ## - Name of Cataloguer
Name of Cataloger Roy
650 ## - SUBJECT ADDED ENTRY--TOPICAL TERM
Topical term or geographic name as entry element Animal husbandry.
650 ## - SUBJECT ADDED ENTRY--TOPICAL TERM
Topical term or geographic name as entry element Poultry production
650 ## - SUBJECT ADDED ENTRY--TOPICAL TERM
Topical term or geographic name as entry element Poltry.
Geographic subdivision India.
942 ## - ADDED ENTRY ELEMENTS (KOHA)
Source of classification or shelving scheme Dewey Decimal Classification
Koha item type Book
Holdings
Withdrawn status Lost status Source of classification or shelving scheme Damaged status Not for loan Home library Branch Name Shelving location Date acquired Total Checkouts Full call number Barcode Date last seen Price effective from Koha item type Public note Date checked out
    Dewey Decimal Classification   Not For Loan SAU Library SAU Library Reference 02/01/2022   636.5 Si 643 43109 22/02/2022 22/02/2022 Book Project 2021  
    Dewey Decimal Classification     SAU Library SAU Library General Stacks 02/01/2022   636.5 Si 643 43111 22/02/2022 22/02/2022 Book Project 2021  
    Dewey Decimal Classification     SAU Library SAU Library General Stacks 02/01/2022 3 636.5 Si 643 43110 30/03/2026 22/02/2022 Book Project 2021 07/12/2025